| 000 | 00633 a2200241 4500 | ||
|---|---|---|---|
| 001 | 105410 | ||
| 020 | _a9781617728945 (lib. bdg.) | ||
| 041 | _aeng | ||
| 082 | _aAP Nursery 362 | ||
| 092 | _a2013008477 | ||
| 300 | _a24 p. | ||
| 490 | _aWe work! Animals with jobs | ||
| 697 | _aGuide dogs | ||
| 697 | _aDogs. | ||
| 830 | _aWe work! Animals with jobs | ||
| 856 | _u000009/00000994.jpeg | ||
| 040 |
_aBR-BrIDEA _cBR-BrIDEA |
||
| 090 |
_aAP Nursery 362 _bFRE |
||
| 100 |
_aFretland VanVoorst, Jenny _d1972 |
||
| 245 | 1 | 0 |
_aSeeing-eye dogs _c Jenny Fretland VanVoorst |
| 260 |
_a[s.l.] _bBearport Pub. _c2014 |
||
| 942 | _cBK | ||
| 999 |
_c105410 _d105410 |
||